Представление документа в формате MARC21

Поле Инд. ПП Название Значение
Тип записи a
Библиографический уровень m
001 Контрольный номер RU/IS/BASE/439552318
005 Дата корректировки 20180620112216.4
020 a ISBN 978-5-388-00494-9
040 a Служба первич. каталог. НБ ТвГУ
b Код языка каталог. rus
e Правила каталог. PSBO
041 0_ a Код языка текста rus
080 a Индекс УДК 159.922.7(075.8)
084 a Индекс другой классификации/Индекс ББК Ю941я73-1
090 a Полочн. индекс Ю941
x Авторский знак С 50
100 1_ a Автор Смирнова Елена Олеговна
q Полное имя Смирнова Е. О.
245 10 a Заглавие Детская психология
b Продолж. заглавия учебник для студентов высших педагогических учебных заведений, обучающихся по специальности 030900 "Дошкольная педагогика и психология"
250 a Основные сведения об издании 3-е изд., перераб.
260 a Место издания Москва [и др.]
b Издательство Питер
c Дата издания 2010
300 a Объем 298 с.
440 _0 a Серия Учебник для вузов
504 a Библиография Библиогр.: с. 296-298 (38 назв.)
520 0_ a Аннотация Учебник содержит системное изложение курса детской психологии, в котором представлены основные понятия и теории детского развития, раскрываются закономерности психического развития ребенка от рождения до окончания дошкольного детства. Развитие ребенка рассматривается в контексте его общения со взрослым, особый акцент делается на роли взрослого в каждый возрастной период. Содержащаяся в книге информация поможет читателю в создании базового психологического знания, необходимого для понимания ребенка, педагогической работы и общения с детьми. Издание предназначено в первую очередь для студентов педагогических и психологических специальностей, но может быть использовано в целях повышения квалификации работников образования специалистами дошкольных учреждений и всеми, кому интересны вопросы психического развития и воспитания детей.
653 0_ a Ключевые слова Возрастная психология
a Ключевые слова Детская психология
a Ключевые слова Психология
a Ключевые слова Психология развития
a Ключевые слова Учебники для вузов
901 t Тип документа m
910 a гриф есть*
920 a Оператор Хохл
a Оператор Рунт
a Оператор Густ
a Оператор Стро
952 c Вид литературы К ру
954 a Дата поступления на обработку 20131211
c Дата окончания ОНО 20131213
b Дата поступления в ОК 20131205